000 00569nam a22001817a 4500
005 20250219150055.0
010 _aENG-143864
020 _a9789391841973
035 _aEN-127396
037 _bDBAD/PUB
082 _a613.7046
100 _arajendran Yenkannamoole
_978109
245 _aArise Awake and Realise
260 _aBengaluru
_bPrism Books Pvt.Ltd
_c2023
270 _a#53,1st Floor,30th Cross,9th Main Banashankari 2 Stage
_bBengaluru
_mlogistics@prismbooks.com
_e560070
300 _a357p.
_c22cm(pbk)
942 _2ddc
_cEN
_h613.7046
_mYEN
999 _c209455
_d209455